000 00720nam a2200241 a 4500
001 33525
003 BD-RjUL
005 20211209052025.0
008 140508r19791975ii b 001 0 eng d
020 _c: IRs. 30.00
035 _a(BD-RjUL)33616
040 _aDLC
_cDLC
_dm.c
_dBD-RJUL
_beng
041 _aeng
082 0 4 _a301
_bBOS 1979
100 1 _aBottomore, T. B.,
_d1920-1992
_9101109
245 1 0 _aSociology as social criticism /
_cT. B. Bottomore
250 _aIst Indian Reprint ed.
260 _aNew Delhi :
_bS. chand & company ltd,
_c1975 [Indian Reprint 1979].
300 _a217 p. ;
_c23 cm
504 _aIncludes bibliographical references and index
650 0 _aSociology
_9101739
942 _2ddc
_cBK
999 _c33525
_d33525